| 000 | 02622nam2a2200361 4500 | ||
|---|---|---|---|
| 001 | RU\NLR\BIBL_A\011766524 | ||
| 005 | 20181218103820.0 | ||
| 010 |
_a978-5-91327-526-4 _9500 |
||
| 021 |
_aRU _bКН-П-18-050332 _9КН-П-18-3622 |
||
| 035 | _a(NLR Aleph) 011766524 | ||
| 035 | _a(RuMoRGB)009683997 | ||
| 090 |
_a11704687 _c11704687 |
||
| 100 | _a20180809d2018 k y0rusy50 ca | ||
| 101 | 0 | _arus | |
| 102 | _aRU | ||
| 105 | _aa z 000zy | ||
| 200 | 0 |
_aКн. 4 _f[Борисова В.П., Васильева Г.С., Владимирова Е.Л. и др.] _gФГБОУ ВО "Якутская государственная сельскохозяйственная академия", ФГБУН "Якутский научный центр" Сибирского отделения Российской академии наук |
|
| 210 | _d2018 | ||
| 215 |
_a115 с. _cил., табл. |
||
| 320 | _aБиблиогр.: с. 109-114 (71 назв.) и в подстроч. примеч. | ||
| 461 | 0 |
_1001RU\NLR\BIBL_A\010819815 _12001#$aОбщество. Культура. Образование$eмонография$f[П.Н. Жондоров, доц., к.филос.н., Н.К. Лотова, доц., к.п.н., проф., А.Г. Пудов, к.филос.н. и др.]$gпод общ. ред. В.П. Старостина$gРос. Акад. Естествознания, Изд. Дом Академии Естествознания$vКн. 4 _910238654 _cМосква _d2014 _f[П.Н. Жондоров, доц., к.филос.н., Н.К. Лотова, доц., к.п.н., проф., А.Г. Пудов, к.филос.н. и др.] _nИздательский Дом Академии Естествознания _oмонография _tОбщество. Культура. Образование _vКн. 4 |
|
| 606 | 1 |
_aСельское хозяйство _yСаха (Якутия), Республика _92087368 _3RU\NLR\AUTH\661263531 |
|
| 686 | 1 | _aУ32(2Р-6Я) | |
| 686 | 1 | _aУ03(2Р-6Я)74 | |
| 701 | 1 |
_aБорисова _bВ. П. _cпреподаватель, англ. яз. _fВилена Петровна _9195241 _3RU\NLR\AUTH\770195292 |
|
| 701 | 1 |
_aВасильева _bГ. С. _cканд. биол. наук _fГалина Софроновна _9195249 _3RU\NLR\AUTH\770195300 |
|
| 701 | 1 |
_7ca _8rus _aВладимирова _bЕ. Л. _cканд. юрид. наук _gЕлена Леонидовна _9164874 _3RU\NLR\AUTH\770164918 |
|
| 852 |
_aNLR _j2015-3/8650 |
||
| 942 | _cBOOK | ||
| 980 | _aNB | ||